| 000 | 00806nam a2200253 a 4500 | ||
|---|---|---|---|
| 001 | 000107948 | ||
| 003 | CHAP | ||
| 005 | 20220329143950.0 | ||
| 008 | 131122s2008 mx a |r| |||||||spa d | ||
| 010 | _a104410 | ||
| 011 | _a105382 | ||
| 020 | _a9789687420516 | ||
| 040 | _cCHAP | ||
| 082 | 0 | 4 |
_a332.0415 _bV71 |
| 100 | 1 |
_aVillagómez Amezcua, Alejandro _q(Francisco Alejandro Villagómez Amezcua Manjarrez) _9119396 |
|
| 245 | 1 | 3 |
_aEl ahorro en México desde 1960 : _bestructura, evolución y determinación / _cpor Francisco Alejandro Villagómez Amezcua Manjarrez. |
| 260 |
_aMéxico, D.F. : _bCIDE, _c2008. |
||
| 300 |
_a164 p. : _bgráfs., cuadros. |
||
| 590 |
_aE6096MTM _b05 _c20131122 _lUCH01 _h1157 |
||
| 650 | 1 | 4 |
_aAhorro e inversión. _93105 |
| 901 | _aBK | ||
| 942 | _cLIBRO | ||
| 942 | _n0 | ||
| 999 |
_c104410 _d104410 |
||